00719nab a2200205 uc450000100070000000500170000700800410002403500110006503500210007604000130009704100080011010000520011824500930017065000280026365000180029165000260030970000370033570000370037277301040040952912620240201131611.0990827nuuuuuuuu spa  a529126 a(OCoLC)819807390 ccomduadb aspa10aGonzález Sánchez, Carlos Andrés4auteaut10aQue hacer con los residuos plasticos : diferentes alternativas para resolver el problema aResiduos de plásticos aCiclo de vida aResiduos industriales10aExposito Alvarez, L.A.4auteaut10aCharro Huerga, Luis M.4auteaut0 tIngeniería Química (Madrid)gVol. 31, No. 353 , Ene. 1999, p. 211-219w102048x0210-2064089813